000 00357nam a2200133Ia 4500
008 240624s9999 xx 000 0 und d
041 _aeng
082 _a658.3 BAN
100 _aBANFIELD PAUL
245 _aINTRODUCTION TO HUMAN RESOURCE MANAGEMEN
260 _c2008
_aNew Delhi
_bOxford University press
300 _a388 : p. : cm. ; 24
365 _cRS
_b30
999 _c12338
_d12338